STN ISO 11620 (01 0149) informácie a dokumentácia
Salvato in:
| Ente Autore: | |
|---|---|
| Altri autori: | |
| Natura: | Libro |
| Lingua: | slovacco |
| Pubblicazione: |
Bratislava
Slovenský ústav technickej normalizácie
2000
|
| Soggetti: | |
| Tags: |
Nessun Tag, puoi essere il primo ad aggiungerne!!
|
MARC
| LEADER | 00000nam a2200000 4500 | ||
|---|---|---|---|
| 001 | c132714 | ||
| 005 | 20240104101430.7 | ||
| 041 | 0 | |a slo | |
| 044 | |a SK | ||
| 245 | 1 | 0 | |a STN ISO 11620 (01 0149) |b informácie a dokumentácia |c Spracovateľ Zora Jurčacková |
| 264 | 1 | |a Bratislava |b Slovenský ústav technickej normalizácie |c 2000 | |
| 300 | |a 60 s. | ||
| 610 | 2 | 0 | |a normy |
| 610 | 2 | 0 | |a normy ISO |
| 610 | 2 | 0 | |a knihoveda |
| 610 | 2 | 0 | |a Slovensko |
| 610 | 2 | 0 | |a ISO 11620 |
| 610 | 2 | 0 | |a STN 01 0149 |
| 610 | 2 | 0 | |a knižnice |
| 610 | 2 | 0 | |a služby informačné |
| 610 | 2 | 0 | |a hodnotenie pracoviska |
| 610 | 2 | 0 | |a terminológia |
| 700 | 1 | |a Jurčacková, Zora | |
| 710 | 2 | |a Centrum vedecko-technických informácií SR | |